000 00771ckm a22002175a 4500
001 L156588
008 071001s1930 xxk eng u
035 _a(Sirsi) u156588
041 0 _aeng
110 1 _aNational Association of Auctioneers, House Agents, Rating Surveyors and Valuers
_94989
245 0 1 _a[Reproduction of a photograph of the annual dinner of the National Association of Auctioneers, House Agents, Rating Surveyors and Valuers in February 1930
_h[graphic]
260 _cFebruary 1930
300 _a1 photograph
_bb&w
_c30 x 11 cm.
340 _aPhotograph
351 _cSingle item
500 _aPhotograph of guests at a dinner.
651 4 _aGreat Britain
_y1707-
690 _aAuctioneering
_96218
690 _aValuation
_96273
942 _n0
999 _c116812
_d116812